Pivots, patterns and intraday swing trades : (Record no. 22538)
[ view plain ]
| 000 -LEADER | |
|---|---|
| fixed length control field | 01007cam a22002775a 4500 |
| 001 - CONTROL NUMBER | |
| control field | 17903503 |
| 005 - DATE AND TIME OF LATEST TRANSACTION | |
| control field | 20161012145654.0 |
| 008 - FIXED-LENGTH DATA ELEMENTS--GENERAL INFORMATION | |
| fixed length control field | 130930t2014 njua frb 001 0 eng d |
| 020 ## - INTERNATIONAL STANDARD BOOK NUMBER | |
| International Standard Book Number | 9781118775790 |
| 040 ## - CATALOGING SOURCE | |
| Original cataloging agency | DLC |
| Language of cataloging | eng |
| Transcribing agency | DLC |
| Modifying agency | DLC |
| -- | EG-ScBUE |
| 082 04 - DEWEY DECIMAL CLASSIFICATION NUMBER | |
| Classification number | 332.645 |
| Edition number | 22 |
| Item number | SCH |
| 100 1# - MAIN ENTRY--PERSONAL NAME | |
| Personal name | Scheier, M. William. |
| 9 (RLIN) | 41506 |
| 245 10 - TITLE STATEMENT | |
| Title | Pivots, patterns and intraday swing trades : |
| Remainder of title | derivatives analysis with the e-mini and Russell futures contracts / |
| Statement of responsibility, etc | M. William Scheier, valhallafutures.com. |
| 260 ## - PUBLICATION, DISTRIBUTION, ETC. (IMPRINT) | |
| Place of publication, distribution, etc | Hoboken : |
| Name of publisher, distributor, etc | John Wiley & Sons, |
| Date of publication, distribution, etc | c.2014. |
| 300 ## - PHYSICAL DESCRIPTION | |
| Extent | xiii, 222 p. : |
| Other physical details | ill. ; |
| Dimensions | 24 cm. |
| 490 0# - Series Statement | |
| Series statement | Wiley trading series. |
| 500 ## - GENERAL NOTE | |
| General note | Index : p. 215-222. |
| 504 ## - BIBLIOGRAPHY, ETC. NOTE | |
| Bibliography, etc | Bibliography : p. 209-214. |
| 650 #7 - SUBJECT ADDED ENTRY--TOPICAL TERM | |
| Topical term or geographic name as entry element | Technical analysis (Investment analysis) |
| Source of heading or term | BUEsh |
| 9 (RLIN) | 41507 |
| 650 #7 - SUBJECT ADDED ENTRY--TOPICAL TERM | |
| Topical term or geographic name as entry element | Speculation. |
| Source of heading or term | BUEsh |
| 9 (RLIN) | 35036 |
| 650 #7 - SUBJECT ADDED ENTRY--TOPICAL TERM | |
| Topical term or geographic name as entry element | Stocks |
| Form subdivision | Charts, diagrams, etc. |
| Source of heading or term | BUEsh |
| 9 (RLIN) | 36717 |
| 650 #7 - SUBJECT ADDED ENTRY--TOPICAL TERM | |
| Topical term or geographic name as entry element | Derivative securities. |
| Source of heading or term | BUEsh |
| 9 (RLIN) | 3234 |
| 651 ## - SUBJECT ADDED ENTRY--GEOGRAPHIC NAME | |
| Source of heading or term | BUEsh |
| 653 ## - INDEX TERM--UNCONTROLLED | |
| Resource For college | BAEPS, Political Science |
| Arrived date list | October2016 |
| 942 ## - ADDED ENTRY ELEMENTS (KOHA) | |
| Source of classification or shelving scheme | Dewey Decimal Classification |
| Withdrawn status | Item status | Source of classification or shelving scheme | Damaged status | Not for loan | Vendor | Home library | Current library | Shelving location | Date acquired | Source of acquisition | Cost, normal purchase price | Serial Enumeration / chronology | Total Checkouts | Full call number | Barcode | Date last seen | Cost, replacement price | Koha item type |
|---|---|---|---|---|---|---|---|---|---|---|---|---|---|---|---|---|---|---|
| Dewey Decimal Classification | Academic Bookshop | Central Library | Central Library | First floor | 12/10/2016 | Purchase | 750.00 | 9154 | 332.645 SCH | 000034045 | 15/07/2025 | 937.00 | Book - Borrowing |